00367nam a2200157Ia 45000010006000000050017000060080041000230410008000640820016000721000030000882450038001182600009001563000028001656500008001936540008002011393020260306164837.0260306t2001||||xx |||||||||||||| ||spa|| aESP a005.73bH43 aHernández, RobertoeAUT 0aEstructuras de datos y algoritmos c2001 a296 páginas :c24 cm. aGEN aCCC